| Tag |
First Indicator |
Second Indicator |
Subfields |
| LEADER |
00000nam a2200000 a 4500 |
| 001 |
in00004187111 |
| 005 |
20200806082209.0 |
| 006 |
m g d |
| 007 |
cr bn |||a|bb| |
| 008 |
980430s1680 enk o 000 0 eng d |
| 035 |
|
|
|a (UnM)99887510
|
| 037 |
|
|
|a CL2105000001
|b ProQuest Information and Learning. 300 N. Zeeb Rd., Ann Arbor, MI 48106
|
| 040 |
|
|
|a Cu-RivES
|c Cu-RivES
|e dcrb
|
| 100 |
1 |
|
|a Rowney, Thomas.
|
| 245 |
1 |
4 |
|a The case of Thomas Rowney gent. executor of Edward Twyford gent. In trust for the said Twyford's children..
|
| 260 |
|
|
|a [London? :
|b publisher not identified,
|c 1680]
|
| 300 |
|
|
|a 1 online resource (1 sheet ([1] pages).
|
| 336 |
|
|
|a text
|b txt
|2 rdacontent
|
| 337 |
|
|
|a computer
|b c
|2 rdamedia
|
| 338 |
|
|
|a online resource
|b cr
|2 rdacarrier
|
| 500 |
|
|
|a Caption title.
|
| 500 |
|
|
|a Imprint from Wing CD-ROM, 1996.
|
| 500 |
|
|
|a With a manuscript docket title; print faded.
|
| 500 |
|
|
|a Reproduction of original in the British Library.
|
| 510 |
4 |
|
|a Wing (CD-ROM, 1996)
|c C1188A
|
| 510 |
4 |
|
|a Early English books tract supplement interim guide
|c L.R.305.a.7.[26]
|
| 533 |
|
|
|a Electronic reproduction.
|b Ann Arbor, Mich. :
|c UMI,
|d 1999-
|f (Early English books online)
|n Digital version of: (Early English books; Tract supplement ; C21:2[88])
|7 s1999 miun s
|
| 650 |
|
0 |
|a Real property
|z England
|v Early works to 1800.
|
| 650 |
|
0 |
|a Estates (Law)
|x Cases
|v Early works to 1800.
|
| 650 |
|
0 |
|a Land tenure
|z England
|v Early works to 1800.
|
| 830 |
|
0 |
|a Early English books online.
|
| 856 |
4 |
0 |
|u http://proxy.library.tamu.edu/login?url=https://search.proquest.com/docview/2240896464
|z Connect to the full text of this electronic book
|t 0
|
| 999 |
f |
f |
|s 54dc9705-76e2-374d-aa08-a210a683c226
|i d5f5370d-e7c6-375a-b5af-29e6af637db5
|t 0
|
| 952 |
f |
f |
|a Texas A&M University
|b College Station
|c Electronic Resources
|d Available Online
|t 0
|h No information provided
|
| 998 |
f |
f |
|t 0
|l Available Online
|